Business problems in farming: (Record no. 21455)

MARC details
000 -LEADER
fixed length control field 00932cam a22002531 4500
001 - CONTROL NUMBER
control field e 36000005
003 - CONTROL NUMBER IDENTIFIER
control field DLC
005 - DATE AND TIME OF LATEST TRANSACTION
control field 20260227111225.0
008 - FIXED-LENGTH DATA ELEMENTS--GENERAL INFORMATION
fixed length control field 810807s1936 dcu 000 0 eng
010 ## - LIBRARY OF CONGRESS CONTROL NUMBER
LC control number e 36000005
035 ## - SYSTEM CONTROL NUMBER
System control number (OCoLC)29094244
040 ## - CATALOGING SOURCE
Original cataloging agency DLC
Transcribing agency MnU
Modifying agency OCoLC
-- DLC
042 ## - AUTHENTICATION CODE
Authentication code premarc
050 00 - LIBRARY OF CONGRESS CALL NUMBER
Classification number LC1045
Item number .A25 no. 183
100 1# - MAIN ENTRY--PERSONAL NAME
Personal name Roberts, Roy W.,
Dates associated with a name 1898-
245 10 - TITLE STATEMENT
Title Business problems in farming:
260 ## - PUBLICATION, DISTRIBUTION, ETC.
Place of publication, distribution, etc. Washington,
Name of publisher, distributor, etc. U.S. Govt. print. off.,
Date of publication, distribution, etc. 1936.
300 ## - PHYSICAL DESCRIPTION
Extent v.
Other physical details 71 p.
Dimensions 23 cm.
501 ## - WITH NOTE
With note With : Consumer-buying in the educational program for home making / Beulah Isabelle Coon. Washington : Govt. Print. Off., 1935. Bound together subsequent to publication.
Institution to which field applies DLC
650 #0 - SUBJECT ADDED ENTRY--TOPICAL TERM
Topical term or geographic name entry element Farm management.
700 1# - ADDED ENTRY--PERSONAL NAME
Personal name Lathrop, Frank W.
Fuller form of name (Frank Waldo),
Dates associated with a name 1888-
Relator term joint author.
710 1# - ADDED ENTRY--CORPORATE NAME
Corporate name or jurisdiction name as entry element United States.
Subordinate unit Department of Agriculture.
710 1# - ADDED ENTRY--CORPORATE NAME
Corporate name or jurisdiction name as entry element United States.
Subordinate unit Farm Credit Administration.

No items available.

Powered by Koha